00492nam a2200157Ia 450000500170000000800410001708200130005810000240007124500280009526000390012330000120016250000400017494200060021495200990022099900150031920250318142707.0240331s9999 xx 000 0 und d bISAa894 aMalayaga Womens. ed 0aIsai piliyapadda veenai aSwitzerlandbOotaru veliyiduc2007 a87 p ., aMalaiyaga kavinchaikalin padaipugal cL 001040708LaWERCLbWERCLcSSCd2024-03-31l0o 894.811 ISAp6415r2024-03-31w2024-03-31yL c4748d4748